Catálogo
Digital

Catálogo
Digital

Mecánica de Fluidos (Record no. 14247)

MARC details
000 -CABECERA
campo de control de longitud fija 01370nam a2200301 4500
003 - IDENTIFICADOR DEL NÚMERO DE CONTROL
campo de control EC-UNACH
005 - FECHA Y HORA DE LA ÚLTIMA TRANSACCIÓN
campo de control 20251204114119.0
006 - CÓDIGOS DE INFORMACIÓN DE LONGITUD FIJA--CARACTERÍSTICAS DEL MATERIAL ADICIONAL
campo de control de longitud fija s||||gr|||| 00| 00
008 - DATOS DE LONGITUD FIJA--INFORMACIÓN GENERAL
campo de control de longitud fija 150116t9999 mx r gr 000 0 spa d
020 ## - NÚMERO INTERNACIONAL ESTÁNDAR DEL LIBRO
Número Internacional Estándar del Libro 0-471-38482-8
040 ## - FUENTE DE LA CATALOGACIÓN
Centro catalogador/agencia de origen EC-UNACH
Centro/agencia transcriptor EC-UNACH
041 ## - CÓDIGO DE LENGUA
Código de lengua del texto/banda sonora o título independiente spa
082 04 - NÚMERO DE LA CLASIFICACIÓN DECIMAL DEWEY
Número de edición 23
Número de clasificación 620
Número de documento/Ítem L018424
110 ## - ENTRADA PRINCIPAL--NOMBRE DE ENTIDAD CORPORATIVA
Nombre de entidad corporativa o nombre de jurisdicción como elemento de entrada Cecsa
245 ## - MENCIÓN DE TÍTULO
Título Mecánica de Fluidos
250 ## - MENCIÓN DE EDICIÓN
Mención de edición Séptima edición
264 ## - Producción, publicación, distribución, fabricación y copyright
Lugar de producción, publicación, distribución, fabricación Mexico
Nombre del de productor, editor, distribuidor, fabricante Cecsa
Fecha de de producción, publicación, distribución, fabricación o copyright 2006
300 ## - DESCRIPCIÓN FÍSICA
Extensión 726
505 ## - NOTA DE CONTENIDO CON FORMATO
Nota de contenido con formato Capítulo 1- Introducción <br/>Capítulo 2- Propiedades de los fluidos<br/>Capítulo 3-Estatica de los fluidos <br/>Capitulo 4- Fluidos en movimiento<br/>Capitulo 5- Variación de presión en fluidos en movimiento <br/>Capítulo 6-Principio de la cantidad de movimiento<br/>Capítulo 7-Principio de energía <br/>Capítulo 8-Analisis dimensional y similitud<br/>Capítulo 9-Resistencia de superficie<br/>Capítulo 10-Flujo en conductos <br/>Capítulo 11-Arrastre y sustentación <br/>Capítulo 12-Flujo comprensible<br/>Capítulo 13-Mediciones de flujo<br/>Capítulo 14-Turbomaquinaria<br/>Capítulo 15-Flujo variado en canales abiertos<br/>
650 ## - PUNTO DE ACCESO ADICIONAL DE MATERIA--TÉRMINO DE MATERIA
Término de materia o nombre geográfico como elemento inicial CLASIFICACIÓN DE LOS FLUIDOS
650 ## - PUNTO DE ACCESO ADICIONAL DE MATERIA--TÉRMINO DE MATERIA
Término de materia o nombre geográfico como elemento inicial UNIDADES BASICAS
650 ## - PUNTO DE ACCESO ADICIONAL DE MATERIA--TÉRMINO DE MATERIA
Término de materia o nombre geográfico como elemento inicial FLUJOS DE CONDUCTOS
700 ## - PUNTO DE ACCESO ADICIONAL--NOMBRE DE PERSONA
Nombre de persona Crowe / Roberson / Elger
942 ## - ELEMENTOS DE PUNTO DE ACCESO ADICIONAL (KOHA)
Fuente del sistema de clasificación o colocación Clasificación Decimal Dewey
Tipo de ítem Koha Libros
999 ## - NÚMEROS DE CONTROL DE SISTEMA (KOHA)
Koha biblionumber 14247
Holdings
Estado de pérdida Fuente del sistema de clasificación o colocación Estado dañado No para préstamo Localización permanente Ubicación/localización actual Ubicación en estantería Fecha de adquisición Fuente de adquisición Número de inventario Total de préstamos Signatura topográfica completa Código de barras Fecha visto por última vez Precio válido a partir de Tipo de ítem Koha Centro de costos
  Clasificación Decimal Dewey     Biblioteca Campus Norte Biblioteca Campus Norte Facultad de Ingeniería - Generalidades 04/12/2025 Transitoria segunda Resolución N°0311-CU-UNACH-SE-ORD-16-09-24 39933331   620 CRO L018424 L018424 04/12/2025 04/12/2025 Libros  

Powered by Koha